| 000 | 00992nmc a2200337 a 4500 | ||
|---|---|---|---|
| 003 | AR-BaBNM | ||
| 005 | 20251128204848.0 | ||
| 008 | 011101s1984 ||||||||||||||000 | spa|| | ||
| 020 | _a950-25-0044-X | ||
| 040 | _cAR-BaBNM | ||
| 245 | 1 | 0 |
_aProceso, crisis y transición democrática _n1 |
| 260 |
_aBuenos Aires _bCentro Editor de América Latina _c1984 |
||
| 300 |
_a163 p. _btablas, gráfs. |
||
| 490 | 0 |
_aBiblioteca política argentina _vv. 45 |
|
| 600 | 1 | 4 |
_aBignone, Reynaldo Benito _d1982-1983 |
| 600 | 1 | 4 |
_aAlfonsín, Raúl Ricardo _d1983-1989 |
| 650 | 4 | _aHISTORIA ARGENTINA | |
| 650 | 4 | _aFUERZAS ARMADAS | |
| 650 | 4 | _aHISTORIA SINDICAL | |
| 650 | 4 | _aHISTORIA CULTURAL | |
| 650 | 4 | _aHISTORIA SOCIAL | |
| 650 | 4 | _aPOLITICA | |
| 650 | 4 | _aSOCIOLOGIA POLITICA | |
| 650 | 4 | _aDEMOCRATIZACION | |
| 651 | 4 | _aArgentina | |
| 653 | _aTRANSICION DEMOCRATICA | ||
| 700 | 1 |
_aOszlak, Oscar _ecompilador |
|
| 800 | 1 |
_aTroncoso, Oscar _edirector |
|
| 942 | _cBK | ||
| 998 | _cEnrique | ||
| 999 |
_c9085 _d9085 |
||